000 00588nam a22001937a 4500
005 20251108172854.0
008 250721s2005 xx 000 0 ara d
082 1 4 _a618.92/طب
100 1 _aR. Widmer، Cameron
245 1 0 _aطب اسنان الاطفال /
246 1 1 _aPediatric Dentistry
264 1 _aدمشق :
_bدار الالباب للطباعه و النشر و التوزيع،
_c2005.
300 _a346ص
650 1 7 _aطب الأطفال
650 1 7 _aطب الأسنان
700 1 _aالمنقل، محمد بشير
_eed.
942 _2ddc
_cBK
999 _c90578
_d90578